Countries by the least electrical consumption - Statistics

General Stats
  • This quiz has been taken 23 times
  • The average score is 8 of 15
Answer Stats
Electrical consumption (kWh) Country % Correct
37,200,000 Tonga
86%
98,580,000 Samoa
77%
20,460,000 Kiribati
73%
72,540,000 Solomon Islands
64%
39,990,000 Vanuatu
64%
48,360,000 Comoros
55%
29,760,000 Nauru
55%
93,000,000 Chad
50%
38,130,000 Sao Tome and Principe
50%
67,590,000 Timor-Leste
41%
107,000,000 Antigua and Barbuda
36%
80,910,000 Dominica
32%
65,100,000 Guinea Bissau
32%
85,560,000 Equatorial Guinea
27%
53,940,000 Sierra Leone
27%
No matching quizzes found
Score Distribution
Percent of People with Each Score
Percentile by Number Answered
Your Score History
You have not taken this quiz